Ecrits et mémoires mathématiques / (Record no. 67712)

MARC details
000 -LEADER
campo de control de longitud fija 00734nam a2200205 i 4500
001 - NÚMERO DE CONTROL
campo de control 67712
003 - IDENTIFICADOR DE NÚMERO DE CONTROL
campo de control ES-MaACL
005 - FECHA Y HORA DE LA ÚLTIMA TRANSACCIÓN
campo de control 20251013211639.0
007 - CAMPO FIJO DE DESCRIPCIÓN FÍSICA--INFORMACIÓN GENERAL
campo de control de longitud fija t|
008 - DATOS DE LONGITUD FIJA--INFORMACIÓN GENERAL
campo de control de longitud fija 040203s1962 fr ||||1| fre d
100 1# - ENTRADA PRINCIPAL--NOMBRE DE PERSONA
Nombre de persona Galois, Evariste.
9 (RLIN) 53664
245 10 - MENCIÓN DEL TÍTULO
Título Ecrits et mémoires mathématiques /
Mención de responsabilidad, etc. d'Evariste Galois ; edition critiqye intégrale de ses manuscrits et publications par Robert Bourgne et J.P. Azra ; préface de J. Dieudonné.
260 ## - PUBLICACIÓN, DISTRIBUCIÓN, ETC.
Lugar de publicación, distribución, etc. Paris :
Nombre del editor, distribuidor, etc. Gauthier-Villars,
Fecha de publicación, distribución, etc. 1962.
300 ## - DESCRIPCIÓN FÍSICA
Extensión XXII, 541 p., 15 lám. ;
Dimensiones 28 cm.
700 1# - ENTRADA AGREGADA--NOMBRE PERSONAL
Nombre de persona Bourgne, Robert.
9 (RLIN) 30996
700 1# - ENTRADA AGREGADA--NOMBRE PERSONAL
Nombre de persona Azra, J. P.
9 (RLIN) 24366
700 1# - ENTRADA AGREGADA--NOMBRE PERSONAL
Nombre de persona Dieudonné, Jean,
Fechas asociadas al nombre 1906-1992
9 (RLIN) 44633
852 ## - LOCALIZACIÓN
Ubicación ES-MaACL
Número de control de estantería E-9843
Sublocalización o colección R.94391
Holdings
Estatus retirado Estado de pérdida Estado de daño No para préstamo Biblioteca de origen Biblioteca actual Ubicación en estantería Fecha de adquisición Fuente de adquisición Total de préstamos Signatura topográfica completa Código de barras Visto por última vez Precio de reemplazo Tipo de ítem Koha
        Biblioteca del Ateneo de Madrid Biblioteca del Ateneo de Madrid Depósito 2 17/01/2008     E-9843 1070894 23/02/2023 23/02/2023 Libro impreso